000
00329nam a22001337a 4500
008
250811b |||||||| |||| 00| 0 eng d
020
_a
0669102229
050
_a
HD 58.8
_b
.H37
100
_a
HARRIGAN RUDIE KATHRYN
245
_a
STRATEGIC FLEXIBILITY
260
_a
CANADA
_b
LEXINGTON BOOKS
_c
1985
300
_a
208p.
942
_c
BK
999
_c
4459
_d
4459